النقد الأدبي ومدارسه الحديثة / (رقم التسجيلة. 5215)
[ عرض عادي ]
| 000 -الفاتح | |
|---|---|
| حقل البيانات ثابتة الطول | 01021cam a2200277a 44500 |
| 003 - محدد رقم الضبط | |
| رقم الضبط | OSt |
| 005 - وقت وتاريخ اخر تعامل مع التسجيلة | |
| رقم الضبط | 20150408113803.0 |
| 008 - عناصر البيانات ثابتة الطول - معلومات عامة | |
| حقل البيانات ثابتة الطول | 030308n19uu ua g 000r0cara d |
| 040 ## - مصدر الفهرسة | |
| وكالة الفهرسة الأصلية | mu |
| لغة الفهرسة | ara |
| وكالة النسخ | mb |
| 041 ## - رمز اللغة | |
| رمز لغة النص/ المسارات الصوتية أو العنوان الانفرادي | عربي |
| 072 ## - رمز الفئه الموضوعية | |
| رمز فئه الموضوع | 068 |
| مجموعة رمز فئه الموضوع | الأدب |
| 082 04 - رقم تصنيف ديوى العشرى | |
| رقم التصنيف | 809.49 |
| رقم الطبعة | 21 |
| رقم المادة | هـ س ن |
| 092 ## - رقم استدعاء ديوى المحلى | |
| رقم التصنيف | 809.49 |
| رقم المادة | هـ س ن |
| 100 1# - المدخل الرئيسى - إسم شخصى | |
| الإسم الشخصى | هايمن، ستانلي. |
| 9 (RLIN) | 1036 |
| 245 12 - بيان العنوان | |
| العنوان | النقد الأدبي ومدارسه الحديثة / |
| بيان المسئوليه,etc | تأليف ستانلي هايمن ؛ ترجمة إحسان عباس، محمد يوسف نجم. |
| 260 ## - PUBLICATION, DISTRIBUTION, ETC. (IMPRINT) | |
| مكان الناشر او الموزع | بيروت |
| اسم الناشر او الموزع | دار الثقافة |
| تاريخ النشر أو التوزيع | 1981 |
| 300 ## - الوصف المادى | |
| التعداد | 2 مج. ؛ |
| أبعاد الوعاء | 24سم. |
| 650 #7 - المدخل الاضافى بالموضوع-مصطلح موضوعى | |
| مصطلح موضوعي أو اسم جغرافي كعنصر مدخل | الأدب |
| التقسيم الفرعي العام | تاريخ ونقد |
| مصدر الرأس أو المصطلح | aucsh. |
| 650 #7 - المدخل الاضافى بالموضوع-مصطلح موضوعى | |
| مصطلح موضوعي أو اسم جغرافي كعنصر مدخل | الشعر |
| التقسيم الفرعي العام | تاريخ ونقد |
| مصدر الرأس أو المصطلح | aucsh. |
| 650 #7 - المدخل الاضافى بالموضوع-مصطلح موضوعى | |
| مصطلح موضوعي أو اسم جغرافي كعنصر مدخل | الأدب |
| التقسيم الفرعي الزمني | العصر الحديث |
| مصدر الرأس أو المصطلح | aucsh. |
| 9 (RLIN) | 125 |
| 650 #7 - المدخل الاضافى بالموضوع-مصطلح موضوعى | |
| مصطلح موضوعي أو اسم جغرافي كعنصر مدخل | الأدباء |
| مصدر الرأس أو المصطلح | aucsh. |
| 9 (RLIN) | 997 |
| 650 #7 - المدخل الاضافى بالموضوع-مصطلح موضوعى | |
| مصطلح موضوعي أو اسم جغرافي كعنصر مدخل | الشعراء |
| مصدر الرأس أو المصطلح | aucsh. |
| 9 (RLIN) | 158 |
| 700 1# - المدخل الاضافى - اسم شخصى | |
| الإسم الشخصى | عباس، إحسان |
| الدور | مترجم. |
| 9 (RLIN) | 1037 |
| 700 1# - المدخل الاضافى - اسم شخصى | |
| الإسم الشخصى | نجم، محمد يوسف |
| الدور | مترجم. |
| 9 (RLIN) | 1038 |
| 942 ## - عناصر المدخل الإضافي( كوها) | |
| مصدر التصنيف او مخطط الترفيف | Dewey Decimal Classification |
| Koha [default] item type | كتاب |
| حالة الفقد | نموذج السعر الفعال | حالة تلف | ليس للاعارة | رقم الطلب | تاريخ الاكتساب | الموقع الحالي | الباركود | الفرع الرئيسي | Date last seen | نوع المادة فى نظام كوها | مصدر التصنيف او خطة الترفيف | Total Checkouts | Date last checked out |
|---|---|---|---|---|---|---|---|---|---|---|---|---|---|
| 2013-03-10 | 809.49 ج1،2هـ س ن | 2011-07-19 | مكتبة مجمع الطالبات بالمجمعة (EMF) | 00018386 | مكتبة مجمع الطالبات بالمجمعة (EMF) | 2013-03-10 | كتاب | Dewey Decimal Classification | |||||
| 2013-03-10 | 809.49 ج1،2هـ س ن | 2011-07-19 | مكتبة مجمع الطالبات بالمجمعة (EMF) | 00018385 | مكتبة مجمع الطالبات بالمجمعة (EMF) | 2013-03-10 | كتاب | Dewey Decimal Classification | |||||
| 2013-03-10 | 809.49 هـ س ن | 2011-09-02 | مكتبة مجمع الطالبات بالمجمعة (EMF) | 00032722 | مكتبة مجمع الطالبات بالمجمعة (EMF) | 2015-11-23 | كتاب | Dewey Decimal Classification | 1 | 2015-11-19 |
